|
|
|
|
| LEADER |
00000nam a22000007a 4500 |
| 005 |
20211018230610.0 |
| 007 |
cr|||| |||| |
| 008 |
211018c19819999gb qr|w s|||| 0|||b1eng d |
| 022 |
|
|
|a 0263-3957
|
| 035 |
|
|
|a 33835
|
| 040 |
|
|
|a vLex
|
| 090 |
|
|
|c 12589
|d 12589
|
| 245 |
0 |
0 |
|a Politics
|h [Recurso electrn̤ico] /
|
| 256 |
|
|
|a Servicio en ln̕ea
|
| 300 |
|
|
|a 1 recurso electrn̤ico
|
| 310 |
|
|
|a Trimestral
|
| 362 |
|
|
|a Nð 1-1 (Abr. 1981) -
|
| 506 |
1 |
|
|a Disponible solo en los productos indicados
|d vLex Global
|d vLex Global (Academic Edition, excluding Law Schools)
|d vLex Global (U.S. Academic Edition, Law Schools)
|d vLex Global (U.S. Academic Edition, excluding Law Schools)
|d vLex Global (Academic Edition, Law Schools)
|
| 650 |
0 |
4 |
|a Derecho Constitucional
|z Reino Unido
|
| 740 |
0 |
|
|a vLex Revistas (Servicio en ln̕ea)
|
| 856 |
4 |
0 |
|u https://app.vlex.com/#/sources/33835
|z Acceso restringido
|
| 942 |
|
|
|c REV
|
| 999 |
0 |
|
|a Constitutional right
|